1304 1016 1162 1399 1824 1955 1639 1584 1239 1418 1807 1473 1839 1271 1871 1708 1081 1333 1879 1396 1570 1705 1736 1336 1809 1700 1613 1392 1221 1563 1148 1267 1996 1474 1334 1577 1221 1112 1570 1932 1202 1994 1804 1267 1048 1117 1100 1428 1987 1971 1772 1224 1828 1950 1785 1776 1513 1802 1155 1342 1899 1401 1845 1095 1731 1150 1612 1496 1711 1838 1327 1482 1383 1156 1353 1742 1958 1251 1972 1633 1412 1205 1158 1465 1146 1364 1917 1313 1130 1838 1968 1735 1722 1728 1332 1396 1143 1769 1302 BCNSPRNW ULIB Ver.6.0+V

เปลี่ยนเป็นภาษาไทย

Change to English
 แสดงรายละเอียดบรรณานุกรม
  กลับหน้าหลัก

Brief Record : Get Marc (ISO 2709) : E-mail record : QR code < ปิดหน้าต่าง
LEADER : 00000nam 2200000uu 4500
001    13399112006
003     ULIB
008    110721s2554||||th 000 0 tha d
020    9786161105846
060 04 WY16^bฟ361ส
100 0  ฟาริดา อิบราฮิม
245 10 สาระทางการพยาบาลเพื่อความรักและความภาคภูมิใจในวิชาชีพ /^cฟาริดา อิบราฮิม
250    พิมพ์ครั้งที่ 1
260    นนทบุรี :^bโครงการสวัสดิการวิชาการ สถาบันพระบรมราชชนก,^c2554
300    205 หน้า :^bภาพประกอบ ;^c27 ซม.
500    สนับสนุนงบประมาณ: ศูนย์อำนวยการบริหารจังหวัดชายแดนภาคใต้
650  4 การพยาบาล
650  4 ความรัก
650  4 จริยธรรมกับการพยาบาล
650  4 พยาบาลวิชาชีพ
710 2  สถาบันพระบรมราชชนก. ^bโครงการสวัสดิการวิชาการ
945    ^p180^l0^i030323
945    ^p180^l0^i030324
945    ^p180^l0^i030325
945    ^p180^l0^i030326
945    ^p180^l0^i030327
945    ^p180^l0^i032907
995     เกษร
999 ^a ใช้งานได้ทุกระบบ
รายการนี้ยังไม่มีแท็ก
คุณยังไม่ได้ล็อกอิน คุณสามารถมีกิจกรรมร่วมกับเว็บไซต์ได้ แต่ต้องล็อกอินก่อน ::
  ล็อกอิน

รายการสื่อสารสนเทศ

ลำดับที่ ประเภท เลขเรียก/บาร์โค้ด สถานที่ สถานะ
1. วิทยาศาสตร์การแพทย์ และสุขภาพ
หนังสือสำรอง
สถานะ=หนังสือสำรอง
WY16 ฟ361ส ฉ.1 
  Barcode: 030323
ห้องสมุดวิทยาเขตสวรรค์ประชารักษ์
►ส่วนจัดเก็บหนังสือเก่า สปร
บนชั้น
  ขอยืม
2. วิทยาศาสตร์การแพทย์ และสุขภาพ
วิทยาศาสตร์การแพทย์ และสุขภาพ
WY16 ฟ361ส ฉ.2 
  Barcode: 030324
ห้องสมุดวิทยาเขตสวรรค์ประชารักษ์
►ส่วนจัดเก็บหนังสือเก่า สปร
บนชั้น
  ขอยืม
3. วิทยาศาสตร์การแพทย์ และสุขภาพ
วิทยาศาสตร์การแพทย์ และสุขภาพ
WY16 ฟ361ส ฉ.3 
  Barcode: 030325
ห้องสมุดวิทยาเขตสวรรค์ประชารักษ์
►ส่วนจัดเก็บหนังสือเก่า สปร
บนชั้น
  ขอยืม
4. วิทยาศาสตร์การแพทย์ และสุขภาพ
วิทยาศาสตร์การแพทย์ และสุขภาพ
WY16 ฟ361ส ฉ.4 
  Barcode: 030326
ห้องสมุดวิทยาเขตสวรรค์ประชารักษ์
►ส่วนจัดเก็บหนังสือเก่า สปร
บนชั้น
  ขอยืม
5. วิทยาศาสตร์การแพทย์ และสุขภาพ
วิทยาศาสตร์การแพทย์ และสุขภาพ
WY16 ฟ361ส ฉ.6 
  Barcode: 032907
ห้องสมุดวิทยาเขตสวรรค์ประชารักษ์
►หนังสือทั่วไป
บนชั้น

รายการใกล้เคียง
    ผู้แต่ง [ฟาริดา อิบราฮิม]

    หัวเรื่อง [การพยาบาล]
    หัวเรื่อง [ความรัก]
    หัวเรื่อง [พยาบาลวิชาชีพ]

BibComment


ยังไม่เคยถูกคอมเมนท์

คอมเมนท์ทรัพยากรรายการนี้
  คอมเมนท์: สาระทางการพยาบาลเ..


 Copyright 2026. Bcnsprnw @Library